|
|
|
|
| LEADER |
00975nam a22002537a 4500 |
| 001 |
41163 |
| 003 |
BD-DhAAL |
| 008 |
230509t2004 ko a|||| |||| 00| 0 kor d |
| 020 |
|
|
|a 9788957330272
|
| 020 |
|
|
|a 8957330275
|
| 082 |
|
|
|a 153.42
|2 23
|
| 100 |
|
|
|a Park, Eun Jin.
|9 54152
|
| 245 |
|
|
|a Logic for critical thinking /
|c Eun Jin Park and Hee Jeong Kim.
|
| 260 |
|
|
|a Seoul, Korea :
|b Acanet,
|c c2004.
|
| 300 |
|
|
|a 486 pages :
|b illustrations ;
|c 22 cm.
|
| 541 |
|
|
|a Complimentary copy from Dr. Sang Hoon Lee, Dean of Brac Business School, Brac University
|e 41163
|
| 650 |
|
|
|a Critical thinking.
|
| 650 |
|
|
|a Thought and thinking.
|
| 650 |
|
|
|a Psychology.
|
| 700 |
|
|
|a Kim, Hee Jeong.
|9 54153
|
| 852 |
|
|
|a Ayesha Abed Library
|c General Stacks
|
| 942 |
|
|
|2 ddc
|c BK
|
| 999 |
|
|
|c 45730
|d 45730
|
| 952 |
|
|
|0 0
|1 0
|2 ddc
|4 0
|6 153_420000000000000_PAR
|7 0
|9 73608
|a BRACUL
|b BRACUL
|c GEN
|d 2023-05-09
|e Complimentary copy from Dr. Sang Hoon Lee
|l 0
|o 153.42 PAR
|p 3010041163
|r 2023-05-09
|t 1
|w 2023-05-09
|y BK
|